000 00299nam a2200133Ia 4500
100 _aJASON/ A.
650 _aElectrical Engineering
942 _cBK
654 _aInterior book
245 _aInterior Decorating book
260 _bMaymore Pub
_aNew York
_c1981
082 _a747
546 _aENGLISH
999 _c27378
_d27378